000 00823cab a2200253 4500
001 ABS56335
008 090401t1996 xxu||||| |||| 00| 0 eng d
035 _a(Sirsi) u22951
041 _aeng
100 _aFarey, M
245 _aThere is nore to lime mortar than...
260 _c1996
350 _a0
490 _aContext
_v(52) December 1996, 26-27(2)
520 _aDiscusses the pros and cons of hydraulic lime and lime mortars in the repair of old buildings. Local government conservation officers have been responsible for a revival in the use of lime mortars.
650 _aBUILT ENVIRONMENT-BUILDING MATERIALS
650 _aCONSERVATION OFFICERS
650 _aENGLISH HERITAGE
650 _aHYDRAULIC LIME
650 _aLIME MORTARS
690 _aCONSERVATION
942 _n0
948 _c04/03/1997
999 _c15389
_d15389